000 01036cab a2200313 4500
001 ABS51756
008 090401t1994 xxu||||| |||| 00| 0 eng d
035 _a(Sirsi) u42968
041 _aeng
100 _aO`Brien, M.
245 2 _aA survey of data communications in the UK construction industry
260 _c1994
350 _a0
490 _aConstruction Management & Economics
_v12(5) November 1994, 457-465(9)
520 _aDescribes a survey designed to collect statistics and evaluative statements on the current state of data communications technology in the UK construction industry.
650 _aCD-ROMS
650 _aCONSTRUCTION INDUSTRY
650 _aDATA COMMUNICATIONS
650 _aE-MAIL
650 _aELECTRONIC DATA INTERCHANGE
650 _aEDICON
650 _aELECTRONIC DATA INTERCHANGE
650 _aELECTRONIC MAIL
650 _aLOCAL AREA NETWORKS
690 _aMANAGEMENT-BUSINESS MANAGEMENT-INFORMATION MANAGEMENT
700 _aAl-Soufi, A.
942 _n0
948 _c04/03/1997
999 _c27479
_d27479